Jakubiskova Bathory má premiéru v sobotu bude na festivale Karlove Vary prvá ...

Bibliographic Details
Main Author: Kúdelová, Kristína, 1977- (Author)
Format: Article
Language:Slovak
PhysicalDescription:Fotogr.
ISSN:1335-440X
Subjects:

MARC

LEADER 00000nab a2200000 a 4500
001 vtls009339649
003 SK-MaSNL
005 20260303172047.0
008 140512c20080703xo dr|p|||||||000 b|slo
015 |a SNBRB2008/09  |2 snkbucl 
040 |a SNKBUCL  |b slo  |c SNKBUCL  |e AACR2 
041 0 |a slo 
044 |a xo  |c SK 
080 |a 791.224  |x (437.6)  |2 2001 
100 1 |a Kúdelová, Kristína,  |d 1977-  |4 aut  |9 213312 
245 1 0 |a Jakubiskova Bathory má premiéru  |b v sobotu bude na festivale Karlove Vary prvá ...  |c Kristína Kúdelová 
300 |b Fotogr. 
500 |a Od 15.1.2007 návrat k pôvodnému vročeniu 
630 0 7 |a Bathory (film)  |2 snkbucl  |9 697314 
655 7 |a recenzie  |2 snkbucl  |9 21907 
773 0 |t Sme  |g Roč. 16, č. 154 (3.7.2008)  |x 1335-440X 
773 0 8 |t Kultúra  |g S. [17] a 20 
852 |a SNK  |b KIS3GCP 
958 |a SK 
958 |a RC 
999 |c 2084713  |d 2086643